000 00776cab a2200193 4500
001 L129845
008 050531n2005 000 0 eng u
035 _a(Sirsi) u129845
041 _aeng
100 _aRoss, Jonathan
245 _aCase news: Hampstead Heath Winter Swimming Club v the Corporation of London
260 _c2005
490 _aProperty Week
_v70(19) 13 May 2005, 66(1)
520 _aThe main issue arising from this case is that property owners owe a duty of care to employees, visitors and even trespassers on their properties but individuals do have to take responsibility for their own actions.
590 _aIKA070605
650 _aHAMPSTEAD HEATH WINTER SWIMMING CLUB C THE CORPORATION OF LONDON
690 _aBlock management
_96220
942 _n0
999 _c75292
_d75292